| 000 | 00765nam 22002293 4500 | ||
|---|---|---|---|
| 001 | 197737 | ||
| 010 | _a972-8488-01-7 | ||
| 021 |
_aPT _b123038/98 |
||
| 090 | _a197737 | ||
| 100 | _a20250902d u||y0pory50 ba | ||
| 200 |
_aAs bibliotecas em Portugal : elementos para uma avaliação (na última década) _fEduardo de Freitas _gcolaboração Isabel Pires |
||
| 210 |
_aLisboa _cObservatório das Actividades Culturais _d1998 |
||
| 215 |
_a151 p. _cbrochado _d21 cm |
||
| 225 |
_aOBS - Pesquisas _h2 |
||
| 606 |
_91270 _aBiblioteconomia _xBibliotecas |
||
| 610 | _ainformação bibliotecas no período 1985 | ||
| 675 |
_a02 _vPT _zpor |
||
| 700 |
_910823 _aFreitas _bEduardo de |
||
| 702 |
_913788 _aPires _bIsabel |
||
| 801 |
_aPT _bBMMN _gRPC |
||
| 830 | _cVanda | ||
| 990 | _cLIVROS | ||